[Event "Baden-ch U10"]
[Site "Karlsruhe"]
[Date "2012.01.04"]
[Round "3"]
[White "Altach, Daniel"]
[Black "Tychev, Daniel"]
[Result "0-1"]
[WhiteElo "1078"]
[BlackElo "1168"]
[PlyCount "116"]
[EventDate "2012.01.03"]
[EventType "swiss"]
[EventRounds "7"]
[EventCountry "GER"]
[SourceTitle "EXT 2015"]
[Source "ChessBase"]
[SourceDate "2014.11.20"]
[SourceVersion "1"]
[SourceVersionDate "2014.11.20"]
[SourceQuality "1"]

1. e4 e5 2. Nf3 Nc6 3. d4 exd4 4. Bc4 Bc5 5. c3 dxc3 6. Qd5 Qe7 7. Nxc3 Nf6 8. Qd3 d6 9. 0-0 0-0 10. Ng5 Be6 11. Nd5 Bxd5 12. Bxd5 Ne5 13. Qc2 c6 14. Bb3 h6 15. Nh3 Rfe8 16. Kh1 Ng6 17. f3 Rad8 18. Bf4 Nxf4 19. Nxf4 Qe5 20. Nd3 Qg5 21. Nxc5 Qxc5 22. Qxc5 dxc5 23. Rad1 b5 24. e5 Nd5 25. Bxd5 Rxd5 26. f4 Red8 27. Rxd5 cxd5 28. a4 b4 29. h3 c4 30. Kg1 d4 31. Kf2 c3 32. bxc3 bxc3 33. Ke2 d3+ 34. Kd1 c2+ 35. Kd2 Kf8 36. f5 Ke7 37. Rc1 g6 38. g4 a5 39. h4 gxf5 40. gxf5 h5 41. Re1 Rd4 42. e6 Rc4 43. f6+ Ke8 44. e7 Rd4 45. Rc1 Rd6 46. Rg1 Rxf6 47. Kxd3 Rc6 48. Rc1 Kxe7 49. Rxc2 Rxc2 50. Kxc2 Ke6 51. Kc3 Kf5 52. Kc4 Kg4 53. Kb5 Kxh4 54. Kxa5 Kg4 55. Kb6 h4 56. a5 h3 57. a6 h2 58. a7 h1Q 0-1

[Event "Baden-ch U10"]
[Site "Karlsruhe"]
[Date "2012.01.04"]
[Round "4"]
[White "Tychev, Daniel"]
[Black "Vaintroub, Maximilian"]
[Result "1/2-1/2"]
[WhiteElo "1168"]
[BlackElo "1313"]
[PlyCount "63"]
[EventDate "2012.01.03"]
[EventType "swiss"]
[EventRounds "7"]
[EventCountry "GER"]
[SourceTitle "EXT 2015"]
[Source "ChessBase"]
[SourceDate "2014.11.20"]
[SourceVersion "1"]
[SourceVersionDate "2014.11.20"]
[SourceQuality "1"]

1. e4 c5 2. Nf3 Nc6 3. Bb5 Nd4 4. Nxd4 cxd4 5. 0-0 g6 6. d3 Bg7 7. Bf4 Qb6 8. Ba4 Qxb2 9. Bb3 Qxa1 10. Qd2 Qb2 11. Qb4 a5 12. Bxf7+ Kxf7 13. Qxb2 e5 14. Bg3 Nf6 15. Bxe5 Ng4 16. Bxd4 Bxd4 17. Qxd4 Re8 18. Nc3 Re6 19. Re1 Rf6 20. f3 Nh6 21. Nd5 Rc6 22. Qh8 Ng8 23. Qxh7+ Kf8 24. c3 b6 25. Qh4 Ba6 26. Qf4+ Kg7 27. d4 Bc4 28. Qe5+ Kf8 29. a3 Re8 30. Qf4+ Kg7 31. Qg4 Rd6 32. Nf4 1/2-1/2